Idiomas de Sudáfrica en un Mapa - Estadísticas

Estadísticas generales
  • Esta prueba ha sido intentada 49 veces
  • La puntuación promedio es 5 de 11
Respuestas en el mapa
Las respuestas están codificadas por una escala verde-roja en el mapa de la prueba según el % correcto abajo.
 
Estadísticas de respuestas
Idiomas % Correcto
Afrikáans
86%
Inglés
81%
Zulú
78%
Xhosa
65%
Sesoto
49%
Setsuana
46%
Suazi
32%
Tsonga
30%
Venda
30%
Ndebele del Sur
27%
Sotho Septentrional
11%
No se encontraron pruebas coincidentes
Distribución de puntuación
Porcentaje de gente con cada puntuación
Porcentaje por número respondido
Historial de tus puntuaciones
No has intentado esta prueba.